| 000 | 02298nam a2200241Ia 4500 | ||
|---|---|---|---|
| 003 | Ost | ||
| 005 | 20260507075630.0 | ||
| 008 | 260507s9999||||xx |||||||||||||| ||und|| | ||
| 040 | _cfsecg | ||
| 041 | _aara | ||
| 082 | _a332.1 | ||
| 100 |
_aمحمد صالح، عبد القادر _eمؤلف |
||
| 245 | 0 |
_aالنقود و البنوك والنظرية النقدية / _c عبد القادر محمد صالح |
|
| 260 |
_aعمان: _bدار الفرقان للنشر و التوزيع, _c1997 |
||
| 300 |
_a93 صفحة؛ _c24 سم |
||
| 504 | _aالمراجع ص.93 | ||
| 520 | _aتجد في هذا الكتاب : الفصل الأول : المقايضة والنقود : وظائف النقود : وظائف النقود الثانوية : أنواع النقود-الفصل الثاني : تعريف النقود : في النظام الرأسمالي : الاشتراكي-الفصل الثالث : قيمة النقود ومستوى الاسعار : الارقام القياسية للاسعار : قيمة النقود ومستوى الاسعار : العوامل المؤثرة علي تغيير مستوى الاسعار-الفصل الرابع : القواعد النقدية : قاعدة الذهب : انهيار قاعدة الذهب : قاعدة الفصة : القاعدة المعدنية : قاعدة النقود الورقية-الفصل الخامس : البنوك التجارية-الفصل السادس : اعمال البنوك التجارية : تاريخ البنوك التجارية : ظهور الائتمان المصرفي : ميزانية البنوك التجارية-الفصل السابع : تخصص البنوك : مركز البنوك التجارية-الفصل الثامن : البنوك المركزية : وظائف البنوك المركزية-الفصل التاسع : النظرية النقدية : التحليل النقدي التقليدي : معادلة فيشرFisher -الفصل العاشر : النظرية النقدية-طريقة الدخل والانفاق : طريقة كينز Keynes-الفصل الحادي عشر : التحليل النقدي الحديث | ||
| 653 | _aالاشتراكية | ||
| 653 | _aالبنوك التجارية | ||
| 653 | _aالرأسمالية | ||
| 653 | _aالنقود | ||
| 942 | _cكتاب | ||
| 999 |
_c45192 _d45192 |
||